000 00286nam a22001337a 4500
008 170822b xxu||||| |||| 00| 0 eng d
020 _a9780201869712
041 _aeng
080 _a51
100 _a38
101 _aMAT
245 _aFOCUS ON GEOMETRY
_cHOFFER,A.R
942 _2udc
_cBK
999 _c24523
_d24523